The basis and administration of the property tax (Record no. 116205)

MARC details
000 -LEADER
fixed length control field 01341cad a22002535a 4500
001 - CONTROL NUMBER
control field L160088
008 - FIXED-LENGTH DATA ELEMENTS--GENERAL INFORMATION
fixed length control field 120529s2010 xxk g 000 0 eng d
035 ## - SYSTEM CONTROL NUMBER
System control number (Sirsi) u160088
041 0# - LANGUAGE CODE
Language code of text/sound track or separate title eng
110 ## - MAIN ENTRY--CORPORATE NAME
Corporate name or jurisdiction name as entry element Federation International Des Geometres
111 2# - MAIN ENTRY--MEETING NAME
Meeting name or jurisdiction name as entry element FIG Working Week 2010
Number [OBSOLETE] Sydney, Australia
Location of meeting 11-16 April 2010
245 04 - TITLE STATEMENT
Title The basis and administration of the property tax
Remainder of title What can be learned from international practice?
Medium [electronic resource]
260 ## - PUBLICATION, DISTRIBUTION, ETC.
Place of publication, distribution, etc. Sydney
Name of publisher, distributor, etc. FIG
Date of publication, distribution, etc. 2010
520 ## - SUMMARY, ETC.
Summary, etc. This paper is seeking to address two key objectives, firstly, to place into context within countries or jurisdictions a rationale for identifying the most appropriate basis of the property tax and secondly, to develop a framework that can suggest optimal administration of the property tax system.
650 24 - SUBJECT ADDED ENTRY--TOPICAL TERM
Topical term or geographic name entry element PROPERTY TAX
650 24 - SUBJECT ADDED ENTRY--TOPICAL TERM
Topical term or geographic name entry element TAX ADMINISTRATION
651 #4 - SUBJECT ADDED ENTRY--GEOGRAPHIC NAME
Geographic name International
690 ## - LOCAL SUBJECT ADDED ENTRY--TOPICAL TERM (OCLC, RLIN)
Topical term or geographic name as entry element Finance and taxation
700 1# - ADDED ENTRY--PERSONAL NAME
Personal name Plimmer, Frances
700 1# - ADDED ENTRY--PERSONAL NAME
Personal name McCluskey, James
856 40 - ELECTRONIC LOCATION AND ACCESS
Uniform Resource Identifier <a href="https://www.rics.org/Global/Downloads/Basis_and_Administration_of_the_Property_Tax.pdf">https://www.rics.org/Global/Downloads/Basis_and_Administration_of_the_Property_Tax.pdf</a>
Public note View the paper free of charge at www.rics.org
856 40 - ELECTRONIC LOCATION AND ACCESS
Uniform Resource Identifier <a href="https://fig.net/resources/proceedings/fig_proceedings/fig2010/ppt/ts01f/ts01f_plimmer_mccluskey_ppt_4174.pdf">https://fig.net/resources/proceedings/fig_proceedings/fig2010/ppt/ts01f/ts01f_plimmer_mccluskey_ppt_4174.pdf</a>
Public note View the presentation free of charge at www.fig.net
942 ## - ADDED ENTRY ELEMENTS (KOHA)
Suppress in OPAC 0
Holdings
Withdrawn status Lost status Source of classification or shelving scheme Damaged status Not for loan Home library Current library Shelving location Date acquired Total Checkouts Full call number Barcode Date last seen Copy number Price effective from Koha item type
    Dewey Decimal Classification     Virtual Virtual Online 22/05/2018   ONLINE PUBLICATION 160088-2001 06/08/2019 1 06/08/2019 Book